000 01031nam0a22002771 4500
001 rc\3223533
005 20170510105920.0
021 _aRU
_b[73-63573]
035 _a(NLR Aleph) 007468395
090 _a7390181
_c7390181
100 _a20130115d1973 |||y0rusy50 ca
101 0 _arus
_aeng
102 _aRU
105 _ay j |||||
200 1 _aУчебник английского языка как второго
_eДля второго года обучения
_e[Для ин-тов и фак. иностр. яз.]
210 _aМосква
_cВысш. школа
_d1973
215 _a320 с.
_d22
606 _aАнглийский язык
_jУчебники и пособия
_2psbo
700 1 _aЯковлева
_bР. А.
_cканд. филол. наук
_gРона Авраамовна
_3RU\NLR\AUTH\770173079
701 1 _aПреснова
_bА. Д.
_gАнна Дмитриевна
801 0 _aRU
_bNLR
_gpsbo
801 1 _aRU
_bELAR
_2rusmarc
852 _aNLR
_j73-5/3412
942 _cBOOK
980 _aNB